Encuentro internacional de materiales educativos y práctica pedagógica
Este libro aborda el tema de materiales educativos no impresos, con la finalidad de tratar la complejidad de materiales con los que el maestro desarrolla su trabajo en el aula, tanto creándolos como utilizando los que ya existen.
Gespeichert in:
| Körperschaft: | |
|---|---|
| Format: | Tagungsbericht Buch |
| Sprache: | Spanish |
| Veröffentlicht: |
Bogotá:
Convenio Andrés Bello,
2001
|
| Schlagworte: | |
| Online Zugang: | Enlace del recurso |
| Tags: |
Tag hinzufügen
Keine Tags, Fügen Sie den ersten Tag hinzu!
|
MARC
| LEADER | 00000nam a2200000 a 4500 | ||
|---|---|---|---|
| 001 | 001322 | ||
| 008 | 030731s2001 ck a fr# #000|0#spa#d | ||
| 020 | |a 958-698-072-3 | ||
| 041 | 0 | |a spa | |
| 043 | |a s-ck--- | ||
| 082 | 0 | 4 | |a 371.3 |b E518e |
| 111 | 2 | |a Encuentro Internacional de Materiales Educativos y Práctica Pedagógica |d (2000 jun. 27-29 : |c Lima) | |
| 245 | 1 | 0 | |a Encuentro internacional de materiales educativos y práctica pedagógica |c El Encuentro |
| 260 | |a Bogotá: |b Convenio Andrés Bello, |c 2001 | ||
| 300 | |a 203 p.: |b il., gráf., tabl. | ||
| 520 | 3 | |a Este libro aborda el tema de materiales educativos no impresos, con la finalidad de tratar la complejidad de materiales con los que el maestro desarrolla su trabajo en el aula, tanto creándolos como utilizando los que ya existen. | |
| 650 | 1 | 4 | |a MATERIALES DE ENSEÑANZA |z AMÉRICA LATINA |
| 650 | 1 | 4 | |a SALONES DE CLASE - UTILIZACIÓN |
| 999 | |c 3474 |d 3474 | ||
| 856 | |u https://catalogo.idep.edu.co/cgi-bin/koha/opac-detail.pl?biblionumber=3474 |z Enlace del recurso | ||